000 00907nas a2200301 4500
001 BR9704214
003 BR-BrBNA
005 20231205100510.0
007 ta
008 230509b bl.|||p| |||| 00| 00por d
040 _aBR-BrBNA
_bpor
_cBiblioteca Nacional de Agricultura
041 _a(Pt)
072 _aQ04; J13
100 1 _aSouza, P.
100 1 _aSouza, H.B.A. de
100 1 _aBarbosa, J.C.
100 1 _aGardini, C.H.C.
100 1 _aNeves, M. da
245 1 _aEfeito da idade da galinha na qualidade dos ovos mantidas sob condicoes de ambiente
650 _aGalinha para Postura
650 _aOvo
650 _aCondicao Ambiental
650 _aControle de Qualidade
650 _aArmazem
773 0 _tCiencia e Tecnologia de Alimentos (Brazil)
_xISSN 0101-2061
_g(Jan-Apr 1997), v. 17(1) p. 49-52
_wBR9704214
909 _a202311
_bLúcia
_c55
_dLúcia Elande
942 _2AGRIS
_n0
_cANA
999 _c156363
_d156363